| 000 | 01046nam a2200289 a 4500 | ||
|---|---|---|---|
| 003 | CHAP | ||
| 005 | 20230313115358.0 | ||
| 007 | ta | ||
| 008 | 221130s2021mx spaado|f |||| 001 0 spa d | ||
| 040 |
_amxchpua _cCHAP _erda |
||
| 050 | 1 | 0 |
_aTP374 _b.R63 2021 |
| 082 | 0 | 0 |
_a688.8 _bR63 2021 |
| 100 | 1 |
_aRodríguez Tarango, José Antonio _9153250 |
|
| 245 |
_aManual para el diseño de sistemas de amortiguamiento en embalajes / _cJosé Antonio Rodríguez Tarango |
||
| 250 | _a1a edición | ||
| 264 |
_aMéxico : _bInstituto Mexicano de Profesionales en Envase y Embalaje, _c2021 |
||
| 300 |
_a332 páginas : _bilustraciones, gráficas, tablas, diagramas, fotos |
||
| 336 |
_2rdacontent _atexto _btxt |
||
| 337 |
_2rdamedia _asin medio _bn |
||
| 338 |
_2rdacarrier _avolumen _bnc |
||
| 490 | 1 |
_aEnciclopedia IMPEE de Ingeniería y Diseño de Envases y Embalaje _v9 |
|
| 650 | 1 | 3 |
_9156185 _aEnvasado |
| 650 | 1 | 3 |
_9153618 _aMateriales para envasado |
| 650 | 1 | 3 |
_9159779 _aPackaging |
| 650 | 1 | 3 |
_9153619 _aPackaging materials |
| 942 |
_2ddc _cLibro |
||
| 999 |
_c217905 _d217905 |
||